000 01290nam a2200277 i 4500
001 18308
003 DO-SdUEMH
005 20260108181243.0
007 ta
008 260108s2023 dr a|||gr|||| 00| 0dspa d
020 _a9789945183795
040 _aDO-SdUEMH
_bspa
_erda
041 _aspa
082 1 4 _mRD
_bA816
100 1 _ectb
245 _aDominicanos en el Exterior:
_bmediciones y datos del registro sociodemográfico 2021 /
_cCopilador: Pablo Asencio García.
264 1 _aSanto Domingo, República Dominicana :
_bBúho S.R.L.
_c2023
264 4 _c©2023
300 _a89 páginas :
_bilustraciones ;
_c21 cm.
336 _2rdacontent
_atexto
_btxt
337 _2rdamedia
_asin mediación
_bn
338 _2rdacarrier
_avolumen
_bnc
504 _aContiene Información Bibliográfica a Final de la Obra.
505 2 _aCapítulo I: La medición de datos migratorios: apuntes metodológicos desde la perspectiva dominicana -- Capítulo II: Datos de emigrantes y diásporas de la República Dominicana en la Unión Europea -- Capítulo III: Datos de emigrantes y diásporas de la República Dominicana en América -- Capítulo IV: Datos de emigrantes y diásporas de la República Dominicana en determinadas demarcaciones de Europa, Asia, África y Oceanía.
942 _2ddc
_cBK
_n0
999 _c18308
_d18308